Statistics for Rubik's Cube Trivia

Click here to take the quiz!

General Stats

  • This quiz has been taken 17 times
    (16 since last reset)
  • The average score is 11 of 16

Answer Stats

HintAnswer% Correct
First name of Mr. RubikErno
92%
Nationality of the aboveHungary
92%
Opposite color of the white sideYellow
92%
What F2L stands forFirst Two Layers
85%
Nationality of (5)
Australia
77%
Known as the greatest speedcuber
of all time with 121 records
Feliks Zemdegs
77%
Speed cube brand many
people appreciate
GAN
77%
Winner in the rest of the events in
The World Championships 2019
Max Park
77%
Record time of the above3.47
69%
Nationality of (3)China
69%
Dodecahedron shaped puzzleMegaminx
69%
Triangular prism puzzlePyraminx
69%
Person who set the3x3x3
Single Solve Record
Yusheng Du
69%
Location of the World
Championships in 2019
Melbourne
38%
Winner of the above
in the 3x3 event
Philipp Weyer
23%
Cube with 4 pieces on each side2x2x2
15%

Score Distribution

Percentile by Number Answered

Percent of People with Each Score

Your Score History

You have not taken this quiz since the last reset